000 01059nam a2200313Ia 4500
003 OSt
005 20221007124431.0
006 a|||||r|||| 00| 0
007 ta
008 221006b |||||||| |||| 00| 0 eng d
020 _a9780471194040 (hbk)
024 _a188433
037 _b3119, 15/03/2013, Educational Book Agency (India)
_cTextual
040 _aCDL
_cCDL
_beng
041 _2eng
_aeng
082 _aE:3,E56, P7;5 Carc
100 _aGriffiths Peter R
_9719245
245 0 _aFourier transform infrared spectrometry
_b Haseth James A de
250 _a2
260 _aHoboken
_bWiley
_c2007
300 _axvii,536p.
_ccm.
500 _aInclude bibliographical references.; Index 509-528p.
650 _a Fourier transform
_9719246
650 _a Infrared spectroscopy
_9719247
650 _aChemistry
700 _a Haseth James A de
_9719248
942 _hE:3,E56, P7;5 Carc
_cTEXL
_2CC
999 _c1213531
_d1213531